01250nab a22001817a 4500003000400000005001700004008004100021040000700062245015600069260007300225300001500298500003700313505043800350505008200788650001800870650002600888773015400914OSt20251226124906.0190429b xxu||||| |||| 00| 0 spa d cPJ13aLa regulación legal del plazo razonable. Análisis de los plazos estructurales del nuevo Código Procesal Penal Federal /cJulieta Carolina Mateos. cCiudad Autónoma de Buenos Aires :aThomson Reuters La Ley, b2025. ap. 113-127 aCita: TR LALEY AR/DOC/1911/2025. aSumario: I. Introducción.— II. La centralidad del tiempo en el modelo acusatorio.— III. La garantía del plazo razonable: antecedentes y vacíos normativos.— IV. Principios fundamentales y claves de interpretación (arts. 18 y 114 del CPPF).— V. El plazo máximo de duración del proceso penal (art. 119 del CPPF).— VI. Los plazos de la etapa preparatoria (arts. 265 y 266 del CPPF).— VII. Consideraciones finales. tSi te interesa el texto completo, solicitalo a koha@justierradelfuego.gov.ar  0aDERECHO PENAL 0aCODIGO PROCESAL PENAL0 02658tRevista de derecho penal y criminología. Nº 8 - Septiembre 2025dCiudad Autónoma de Buenos Aires : Thomson Reuters La Ley, 2017-x00347914